|
|
|
|
| LEADER |
00000nam0a2200000 4500 |
| 001 |
297654 |
| 005 |
20231102001029.0 |
| 020 |
|
|
|a RU
|b 84-78682
|
| 035 |
|
|
|a (RuTPU)RU\TPU\book\322788
|
| 090 |
|
|
|a 297654
|
| 100 |
|
|
|a 20150610d1984 k y0rusy5003 ca
|
| 101 |
0 |
|
|a rus
|
| 102 |
|
|
|a RU
|
| 105 |
|
|
|a a z 001zy
|
| 200 |
1 |
|
|a Процессы и механизмы кристаллогенезиса
|e [монография]
|f А. М. Асхабов
|g Академия наук СССР (АН СССР), Коми филиал, Институт геологии (ИГ) ; отв. ред. Н. П. Юшкин
|
| 210 |
|
|
|a Ленинград
|c Наука
|d 1984
|
| 215 |
|
|
|a 168 с.
|c ил.
|d 21 см
|
| 320 |
|
|
|a Библиогр.: с. 155-163
|
| 606 |
1 |
|
|a Кристаллы
|x Рост
|2 stltpush
|3 (RuTPU)RU\TPU\subj\16370
|9 42452
|
| 610 |
1 |
|
|a механизм
|
| 610 |
1 |
|
|a гравитация
|
| 610 |
1 |
|
|a кристаллы
|
| 610 |
1 |
|
|a рост
|
| 610 |
1 |
|
|a растворение
|
| 610 |
1 |
|
|a кинетика
|
| 610 |
1 |
|
|a кинетические исследования
|
| 610 |
1 |
|
|a гели
|
| 610 |
1 |
|
|a выращивание в гелях
|
| 610 |
1 |
|
|a монографии
|
| 610 |
1 |
|
|a кристаллогенезис
|
| 675 |
|
|
|a 548.52
|z rus
|v 4
|
| 700 |
|
1 |
|a Асхабов
|b А. М.
|g Асхаб Магомедович
|4 070
|
| 702 |
|
1 |
|a Юшкин
|b Н. П.
|4 340
|
| 712 |
0 |
2 |
|a Академия наук СССР (АН СССР)
|b Коми филиал
|b Институт геологии (ИГ)
|c (Сыктывкар)
|c (1958-1987)
|2 stltpush
|3 (RuTPU)RU\TPU\col\11375
|
| 801 |
|
0 |
|a RU
|b RuMRKP
|c 19950704
|g psbo
|
| 801 |
|
1 |
|a RU
|b 63413507
|c 20150610
|
| 801 |
|
2 |
|a RU
|b 63413507
|c 20200821
|g RCR
|
| 942 |
|
|
|c BK
|